000
00313nam a22001337a 4500
008
181101b xxu||||| |||| 00| 0 eng d
020
_a
082112272-X
041
_a
eng
080
_2
3rd
_a
612.39
100
_a
10
101
_a
NUT
245
_a
Purchasing for Food Service Managers
_c
Warfel,M.C
942
_2
udc
_c
BK
999
_c
51405
_d
51405